1394 1403 1133 1119 1840 1971 1860 1001 1915 1068 1849 1417 1467 1892 1691 1380 1270 1037 1020 1668 1576 1534 1836 1804 1602 1209 1368 1949 1287 1446 1072 1063 1610 1747 1258 1491 1052 1269 1559 1639 1945 1612 1475 1146 1401 1741 1420 1817 1905 1660 1978 1996 1175 1919 1337 1896 1407 1593 1067 1644 1333 1942 1187 1782 1321 1254 1593 1328 1515 1502 1806 1133 1905 1093 1467 1440 1121 1552 1140 1401 1777 1759 1906 1137 1334 1273 1036 1351 1134 1914 1181 1400 1737 1613 1286 1337 1669 1432 1183 BCNSPRNW ULIB Ver.6.0+V

เปลี่ยนเป็นภาษาไทย

Change to English
 แสดงรายละเอียดบรรณานุกรม
  กลับหน้าหลัก

Brief Record : Get Marc (ISO 2709) : E-mail record : QR code < ปิดหน้าต่าง
LEADER : 00000nam 2200000uu 4500
001    13399112928
003     ULIB
008    110919s2553||||th 000 0 tha d
020    9789741113828
060 04 WJ300^bค695 2553
245 00 คู่มือแนวทางการดูแลผู้ป่วยโรคไต :^bฉบับครบรอบ 50 ปีสาขาวิชาวักกะวิทยา /^cบรรณาธิการ, สมเกียรติ วสุวัฏฏกุล
250    พิมพ์ครั้งที่ 1
260    กรุงเทพฯ :^bสาขาวิชาวักกะวิทยา คณะแพทยศาสตร์ศิริราชพยาบาลมหาวิทยาลัยมหิดล,^c2553
300    208 หน้า :^bภาพประกอบ ;^c21 ซม.
650  4 ไต, โรค^xการรักษา
653    ผลงานอาจารย์คณะแพทยศาสตร์ศิริราชพยาบาล
700 0  สมเกียรติ วสุวัฏฏกุล,^eบรรณาธิการ
710 2  มหาวิทยาลัยมหิดล. ^bคณะแพทยศาสตร์ศิริราชพยาบาล.^bสาขาวิชาวักกะวิทยา
945    ^p250^l0^i030557
945    ^p250^l0^i030558
945    ^p250^l0^i030559
995    เกษร
999 ^a ใช้งานได้ทุกระบบ
รายการนี้ยังไม่มีแท็ก
คุณยังไม่ได้ล็อกอิน คุณสามารถมีกิจกรรมร่วมกับเว็บไซต์ได้ แต่ต้องล็อกอินก่อน ::
  ล็อกอิน

รายการสื่อสารสนเทศ

ลำดับที่ ประเภท เลขเรียก/บาร์โค้ด สถานที่ สถานะ
- ไม่พบข้อมูล -

BibComment


ยังไม่เคยถูกคอมเมนท์

คอมเมนท์ทรัพยากรรายการนี้
  คอมเมนท์: คู่มือแนวทางการดู..


 Copyright 2026. Bcnsprnw @Library